000 01023nam a22003497a 4500
001 052
003 DO-SdBNP
005 20180219151844.0
007 052
008 151005b1992 sp a 00| 0 spa d
020 _a8434810050
040 _aBPMSU
_bspa
_cBPMSU
092 _aXXXX
_bXXXX
100 1 _aValencak, Hannelore
240 1 0 _aRegenzauber /
_f1982
245 1 0 _aEl tesoro del molino viejo /
_cHannelore Valencak ; ilustración A. Tello ; traducción Manuel Olasagasti ; colección dirigida por Marinella Terzi
250 _a14a. ed.
260 _aMadrid :
_bEdiciones SM,
_c1992.
300 _a173 p. :
_bil. ;
_c19 cm.
490 1 _aEl barco de vapor
_v8
521 1 _aA partir de los 12 años
586 _aPremio A. M. A. D. E.
700 1 2 _aTello, A.
_eil.
700 1 2 _aOlasagasti, Manuel
_etrad.
700 1 2 _aTerzi, Marinella
_edir.
830 0 _aBarco de vapor
_n8
_gRoja
830 0 _aRoja
910 _a202
942 _2ddc
_cBK
945 _aInventariado, 2018/ YL
956 _aYLOCKWARD
_b10
_cBPMSU
999 _c8431
_d8431